Ukážky zo slovenskej literatúry pre 1. ročník gymnázií s vyučovacím jazykom maďarským (dočasná učebnica)

Bibliographic Details
Main Authors: Bertók, Imre (Author), Krúgová (Author), Szamos, Ladislav (Author)
Format: Book
Language:Slovak
PhysicalDescription:80 s. 4°
Published: Bratislava Slovenské pedagogické nakladateľstvo 1970
Subjects:

MARC

LEADER 00000cam a2200000 a 4500
001 vtls008313869
003 SK-MaSNL
005 20260301122953.0
008 231120s1970 xo d p 000 0 slo
015 |a SNBA1970/02-00454 
035 |a SK01SNK19700006086 
035 |a SKM000008549 
040 |a SNK  |b slo  |c SNK  |e AACR2 
041 0 |a slo 
044 |a xo  |c SK 
080 |a 885.4(075.3)  |2 1981 
100 1 |a Bertók, Imre  |4 aut  |9 286500 
245 1 0 |a Ukážky zo slovenskej literatúry pre 1. ročník gymnázií s vyučovacím jazykom maďarským  |b (dočasná učebnica)  |c [autori:] Bertók, Krúgová, Szamos 
260 |a Bratislava  |b Slovenské pedagogické nakladateľstvo  |c 1970 
300 |a 80 s.  |c 4° 
366 |e 26000 výt. 
504 |a Vysvetl. 
650 0 7 |a slovenská literatúra  |2 SNKPH  |9 1115 
650 0 7 |a literárna výchova  |2 SNKPH  |9 1653 
655 7 |a učebnice stredných škôl  |2 SNKPH  |9 69323 
700 1 |a Krúgová  |4 aut  |9 469286 
700 1 |a Szamos, Ladislav  |4 aut  |9 47076 
958 |a OND 
958 |a LX 
958 |a TL 
958 |a RK 
958 |a UC 
958 |a EUIPO 
999 |c 734697  |d 736627 
952 |t P60, <04>, [BOOK], {604}  |a SNK  |b SNK  |y VYP  |7 0  |o snkSB 15777 D1  |i snkKSP 2547/70  |0 0  |1 0  |4 0  |d 1997-02-19  |l 0  |r 2005-01-02 00:00:00  |w 2026-02-23 
952 |a SNK  |b SNK  |y PREZ  |7 0  |p 17A0840990  |o snkSB 15777  |i snkKSP 2546/70  |0 0  |1 0  |4 0  |d 2012-07-23  |f 1  |l 0  |r 2025-03-17 00:00:00  |w 2026-02-23